Loading...
Evaluation : a tool for Improving HRD quality
| Main Author: | |
|---|---|
| Format: | Printed Book |
| Published: |
New Delhi
S.Chand
1995
|
| Subjects: |
| LEADER | 00524cam a2200169ua 4500 | ||
|---|---|---|---|
| 020 | |a 0-88390-035-1 | ||
| 082 | |a 658.3 |b DIX/E | ||
| 100 | 0 | |a Dixon, Nancy M | |
| 245 | 1 | 0 | |a Evaluation : a tool for Improving HRD quality |
| 260 | |a New Delhi |b S.Chand |c 1995 | ||
| 300 | |a 268p. | ||
| 500 | |a includes index and bibliography. | ||
| 650 | |a Personnel management | ||
| 650 | 0 | |a Management | |
| 942 | |c BK | ||
| 999 | |c 3276 |d 3276 | ||
| 952 | |0 0 |1 0 |4 0 |6 658_300000000000000_DIXE |7 0 |9 3428 |a KUCL |b KUCL |d 2014-05-23 |l 0 |o 658.3 DIX/E |p 06406 |r 2014-05-23 |y BK | ||